[Event "Well everybody knows that the bird is the word...."]
[Site "SchemingMind.com"]
[Date "2018.06.22"]
[Round "-"]
[White "Uzi Mike"]
[Black "jolasebabes"]
[Result "0-1"]
[WhiteCountry "USA"]
[BlackCountry "POR"]
[WhiteElo "2117"]
[WhiteRD "89"]
[BlackElo "2181"]
[BlackRD "75"]
[GameID "429597"]

1. f4 e5 2. fxe5 d6 3. Nf3 dxe5 4. Nxe5 Bd6 5. Nf3 g5 6. g3 g4 7. Nh4 Ne7 8. e4 Ng6 9. Nf5 Bxf5 10. exf5 Qe7+
11. Qe2 Ne5 12. d4 Nf3+ 13. Kd1 Nxd4 14. Qxg4 Nbc6 15. Nd2 h5 16. Qe4 O-O-O 17. c3 Qf6 18. cxd4 Nxd4 19. Bg2 c6 20. Qh4 Qe5
21. Re1 Qc5 22. Be4 Rhe8 23. Qxh5 Rh8 24. Qg5 Rxh2 25. Qe3 Bc7 26. Qg1 Rh3 27. Re3 Ba5 28. Bd3 Nxf5 29. Bxf5+ Qxf5 30. Qg2 Qh5+
31. g4 Rh1+ 32. Re1 Rxe1+ 33. Kxe1 Qe5+ 34. Kd1 Qd4 35. Kc2 Rd5 36. Kd1 Rc5 37. a4 Qd3 38. Qe2 Qc2+ 39. Ke1 Rd5 40. g5 Kd8
41. b4 Bxb4
0-1

[Event "Well everybody knows that the bird is the word...."]
[Site "SchemingMind.com"]
[Date "2018.06.22"]
[Round "-"]
[White "jolasebabes"]
[Black "Uzi Mike"]
[Result "0-1"]
[WhiteCountry "POR"]
[BlackCountry "USA"]
[WhiteElo "2157"]
[WhiteRD "77"]
[BlackElo "2093"]
[BlackRD "86"]
[GameID "429598"]

1. f4 e5 2. fxe5 d6 3. exd6 Bxd6 4. Nf3 Nf6 5. d4 Ng4 6. Qd3 c5 7. Qe4+ Kf8 8. e3 Nc6 9. dxc5 Bxc5 10. Bd2 f5
11. Qd3 Qf6 12. Be2 Qxb2 13. Qc3 Qxc3 14. Nxc3 Nxe3 15. Bxe3 Bxe3 16. Nd5 Bc5 17. O-O-O g6 18. Nc7 Rb8 19. Bc4 Bf2 20. Rd3 Kg7
21. Rhd1 Bb6 22. Nd5 Bd8 23. Nf4 Re8 24. h4 Bxh4 25. Nxh4 Re4 26. Bb3 Rxf4 27. Nf3 Rg4 28. R1d2 Re4 29. Bd5 Re8 30. Bxc6 bxc6
31. Rc3 Rb6 32. Rd6 Re7 33. Rdxc6 Rxc6 34. Rxc6 Bb7 35. Rc3 f4 36. Ra3 Be4 37. Kd2 Rd7+ 38. Ke2 Bxc2 39. Ra5 a6 40. Ng5 Rd6
41. Rc5 Bf5 42. Rc7+ Rd7 43. Rc6 Kh6 44. Nf3 Rd5 45. Rb6 Ra5
0-1

[Event "Well everybody knows that the bird is the word...."]
[Site "SchemingMind.com"]
[Date "2018.08.03"]
[Round "-"]
[White "Uzi Mike"]
[Black "flyinduck"]
[Result "1-0"]
[WhiteCountry "USA"]
[BlackCountry "CAN"]
[WhiteElo "2152"]
[WhiteRD "75"]
[BlackElo "2023"]
[BlackRD "52"]
[GameID "430821"]

1. f4 e5 2. fxe5 d6 3. Nf3 g5 4. e6 Bxe6 5. e4 Bg7 6. d4 h6 7. Nc3 Ne7 8. d5 Bg4 9. Be2 Nd7 10. Be3 Ng6
11. Nd4 Bxd4 12. Bxd4 Bxe2 13. Qxe2 Nde5 14. Qb5+ Qd7 15. Qxb7 O-O 16. Qa6 f5 17. exf5 Rxf5 18. O-O-O c5 19. dxc6 Nxc6 20. Ne4 Nxd4
21. Rxd4 Nf4 22. g3 Qg7 23. Rxd6 Rb8 24. Nf6+ Kh8 25. gxf4 gxf4 26. Rhd1
1-0

[Event "Well everybody knows that the bird is the word...."]
[Site "SchemingMind.com"]
[Date "2018.08.03"]
[Round "-"]
[White "flyinduck"]
[Black "Uzi Mike"]
[Result "0-1"]
[WhiteCountry "CAN"]
[BlackCountry "USA"]
[WhiteElo "1993"]
[WhiteRD "51"]
[BlackElo "2155"]
[BlackRD "79"]
[GameID "430822"]

1. f4 e5 2. e4 exf4 3. Nf3 g5 4. Nc3 Bg7 5. g3 d5 6. exd5 g4 7. Nh4 f3 8. d4 Ne7 9. Bc4 Nd7 10. O-O Nb6
11. Bb3 O-O 12. Be3 a5 13. a4 Nbxd5 14. Nxd5 Nxd5 15. Bf2 Re8 16. Qd2 Re2 17. Qd3 Nb4 18. Qd1 Be6 19. Bxe6 fxe6 20. c3 Nd5
21. Rb1 Ne3 22. Bxe3 Rxe3 23. Qb3 Bxd4 24. Kh1 Bb6 25. Qc4 Qg5 26. Rbe1 Rxe1 27. Rxe1 Re8 28. Rxe6 Kg7
0-1

[Event "Well everybody knows that the bird is the word...."]
[Site "SchemingMind.com"]
[Date "2018.07.30"]
[Round "-"]
[White "flyinduck"]
[Black "jolasebabes"]
[Result "0-1"]
[WhiteCountry "CAN"]
[BlackCountry "POR"]
[WhiteElo "2024"]
[WhiteRD "53"]
[BlackElo "2150"]
[BlackRD "72"]
[GameID "430823"]

1. f4 e5 2. e4 Bc5 3. Nf3 d6 4. Nc3 Nf6 5. Bc4 Nc6 6. d3 a6 7. a4 Bg4 8. h3 Bxf3 9. Qxf3 Nd4 10. Qd1 O-O
11. f5 d5 12. exd5 b5 13. Ba2 e4 14. Bg5 Qd6 15. Qd2 exd3 16. Qxd3 Nxc2+
0-1

[Event "Well everybody knows that the bird is the word...."]
[Site "SchemingMind.com"]
[Date "2018.07.30"]
[Round "-"]
[White "jolasebabes"]
[Black "flyinduck"]
[Result "1-0"]
[WhiteCountry "POR"]
[BlackCountry "CAN"]
[WhiteElo "2150"]
[WhiteRD "72"]
[BlackElo "2024"]
[BlackRD "53"]
[GameID "430824"]

1. f4 e5 2. e4 exf4 3. Nf3 d6 4. d4 g5 5. g3 g4 6. Nh4 f3 7. Nc3 Nc6 8. Be3 Bg7 9. Qd2 Nge7 10. O-O-O d5
11. Bh6 Bxh6 12. Qxh6 Be6 13. exd5 Bxd5 14. h3 Qd7 15. hxg4 O-O-O 16. Bh3 Kb8 17. g5 Qd6 18. Qxd6 Rxd6 19. Nxd5 Rxd5 20. Nxf3 Rd6
21. c4 b5 22. d5 Na5 23. Rhe1 Ng6 24. c5 Rdd8 25. Nd4 Rhe8 26. b4
1-0

[Event "Well everybody knows that the bird is the word...."]
[Site "SchemingMind.com"]
[Date "2018.08.09"]
[Round "-"]
[White "Phillip Beckett"]
[Black "Uzi Mike"]
[Result "0-1"]
[WhiteCountry "ENG"]
[BlackCountry "USA"]
[WhiteElo "1482"]
[WhiteRD "55"]
[BlackElo "2152"]
[BlackRD "77"]
[GameID "431087"]

1. f4 e5 2. e4 exf4 3. Nf3 g5 4. Bc4 g4 5. O-O gxf3 6. Bxf7+ Kxf7 7. Qxf3 Qh4 8. d4 Bh6 9. g3 Qf6 10. e5 Qc6
11. Qf2 d5 12. Bxf4 Ke8 13. Bxh6 Nxh6 14. Nc3 Nf5 15. Qf3 Ne7 16. Qf7+ Kd8 17. Qg7 Rg8 18. Qxh7 Be6 19. Qxe7+ Kxe7
0-1

[Event "Well everybody knows that the bird is the word...."]
[Site "SchemingMind.com"]
[Date "2018.08.09"]
[Round "-"]
[White "Uzi Mike"]
[Black "Phillip Beckett"]
[Result "1-0"]
[WhiteCountry "USA"]
[BlackCountry "ENG"]
[WhiteElo "2152"]
[WhiteRD "77"]
[BlackElo "1482"]
[BlackRD "55"]
[GameID "431088"]

1. f4 e5 2. fxe5 d6 3. Nf3 dxe5 4. Nxe5 Bd6 5. Nf3 g5 6. g3 g4 7. Nh4 Ne7 8. e4 Ng6 9. Nf5 Bxf5 10. exf5 Nf4
11. Qxg4 Qe7+ 12. Kd1 Nd5 13. Bg2 Nf6 14. Qa4+ c6 15. Re1 Be5 16. d4 Nbd7 17. dxe5 Nd5 18. Bxd5 cxd5 19. e6 O-O 20. exd7 Qd6
21. Bg5
1-0

[Event "Well everybody knows that the bird is the word...."]
[Site "SchemingMind.com"]
[Date "2018.08.05"]
[Round "-"]
[White "Phillip Beckett"]
[Black "flyinduck"]
[Result "0-1"]
[WhiteCountry "ENG"]
[BlackCountry "CAN"]
[WhiteElo "1482"]
[WhiteRD "55"]
[BlackElo "2024"]
[BlackRD "53"]
[GameID "431089"]

1. f4 e5 2. e4 exf4 3. Nf3 g5 4. Bc4 Nc6 5. O-O Bg7 6. c3 d6 7. d4 Bg4 8. Qb3 Bh5 9. h4 h6 10. hxg5 hxg5
11. e5 Na5 12. Qa4+ c6 13. Bd3 b5 14. Qc2 Bxf3 15. Rxf3 Ne7 16. b4 Nc4 17. Bxc4 bxc4 18. g3 dxe5 19. dxe5 Qd5 20. Nd2 Bxe5
21. Kg2 O-O-O 22. Qe4 f5 23. Qxd5 cxd5 24. Ba3 Ng6 25. gxf4 Bxf4 26. Nf1 Nh4+
0-1

[Event "Well everybody knows that the bird is the word...."]
[Site "SchemingMind.com"]
[Date "2018.08.06"]
[Round "-"]
[White "flyinduck"]
[Black "Phillip Beckett"]
[Result "1-0"]
[WhiteCountry "CAN"]
[BlackCountry "ENG"]
[WhiteElo "2024"]
[WhiteRD "53"]
[BlackElo "1482"]
[BlackRD "55"]
[GameID "431090"]

1. f4 e5 2. e4 Qh4+ 3. g3 Qe7 4. d3 exf4 5. Bxf4 d5 6. Bg2 dxe4 7. dxe4 Nf6 8. Nc3 c6 9. Qd2 Be6 10. O-O-O Nbd7
11. e5 Nd5 12. Nxd5 Bxd5 13. Bxd5 cxd5 14. Qxd5 O-O-O 15. Nf3 Nb6 16. Qa5 Qc5 17. Rxd8+ Kxd8 18. Qxa7 Nd7 19. Qxb7 Qc7 20. Qxc7+ Kxc7
21. e6+ Kd8 22. exd7 Kxd7 23. Ne5+ Ke6 24. Re1
1-0

[Event "Well everybody knows that the bird is the word...."]
[Site "SchemingMind.com"]
[Date "2018.08.04"]
[Round "-"]
[White "Phillip Beckett"]
[Black "jolasebabes"]
[Result "0-1"]
[WhiteCountry "ENG"]
[BlackCountry "POR"]
[WhiteElo "1455"]
[WhiteRD "56"]
[BlackElo "2101"]
[BlackRD "78"]
[GameID "431091"]

1. f4 e5 2. e4 Bc5 3. Nf3 d6 4. Bc4 Nf6 5. d3 Nc6 6. Nc3 a6 7. Qe2 Bg4 8. Be3 Nd4 9. Bxd4 Bxd4 10. O-O-O exf4
11. h3 Bh5 12. Rdf1 O-O 13. Qe1 Bxf3 14. Rxf3 b5 15. Bb3 c5 16. Ne2 Be3+ 17. Kb1 c4 18. dxc4 bxc4 19. Bxc4 Nxe4 20. Nxf4 Nd2+
21. Ka1 Nxc4 22. Rxe3 Nxe3 23. Qxe3 Re8 24. Qd3 Qa5 25. Nd5 Re1+
0-1

[Event "Well everybody knows that the bird is the word...."]
[Site "SchemingMind.com"]
[Date "2018.08.04"]
[Round "-"]
[White "jolasebabes"]
[Black "Phillip Beckett"]
[Result "1-0"]
[WhiteCountry "POR"]
[BlackCountry "ENG"]
[WhiteElo "2101"]
[WhiteRD "78"]
[BlackElo "1455"]
[BlackRD "56"]
[GameID "431092"]

1. f4 e5 2. e4 Qh4+ 3. g3 Qe7 4. d3 exf4 5. Bxf4 c6 6. Nc3 d5 7. Nge2 dxe4 8. Nxe4 Bg4 9. Nd6+ Kd7 10. Nc4 Nf6
11. Ne5+ Kc8 12. Qd2 Nbd7 13. Nxg4 Qb4 14. Nxf6 Qxd2+ 15. Kxd2 Nxf6 16. Bh3+ Kd8 17. Rae1 Be7 18. Nc3 Re8 19. Re2 Nh5 20. Be3 g6
21. Rhe1 f5 22. Bc5 Bg5+ 23. Kd1 Rxe2 24. Rxe2 Kd7 25. Be3 Bxe3 26. Rxe3 Nf6 27. Kd2
1-0

[Event "Well everybody knows that the bird is the word...."]
[Site "SchemingMind.com"]
[Date "2018.08.31"]
[Round "-"]
[White "Phillip Beckett"]
[Black "krzysztof"]
[Result "0-1"]
[WhiteCountry "ENG"]
[BlackCountry "POL"]
[WhiteElo "1482"]
[WhiteRD "55"]
[BlackElo "1600"]
[BlackRD "168"]
[GameID "432051"]

1. f4 e5 2. fxe5 Nc6 3. Nf3 d5 4. e3 Bg4 5. Be2 Bxf3 6. Bxf3 Qh4+ 7. g3 Qe7 8. O-O Nxe5 9. Bxd5 Nf6 10. Bg2 O-O-O
11. Nc3 h5 12. b3 h4 13. a4 hxg3 14. hxg3 Qb4 15. Ba3 Qb6 16. Bxf8 Rdxf8 17. Bh3+ Rxh3 18. Qe2 Rfh8 19. Qg2 Neg4 20. Ne4 Nxe4
21. Qxe4 Qc6 22. Qxg4+ Kb8 23. Qf3 Rh1+ 24. Kg2 R8h2#
0-1

[Event "Well everybody knows that the bird is the word...."]
[Site "SchemingMind.com"]
[Date "2018.08.31"]
[Round "-"]
[White "krzysztof"]
[Black "Phillip Beckett"]
[Result "1-0"]
[WhiteCountry "POL"]
[BlackCountry "ENG"]
[WhiteElo "1600"]
[WhiteRD "168"]
[BlackElo "1482"]
[BlackRD "55"]
[GameID "432052"]

1. f4 e5 2. Nf3 exf4 3. d4 Be7 4. Bxf4 Nf6 5. Nc3 d6 6. e4 O-O 7. Bd3 Nbd7 8. O-O h6 9. e5 dxe5 10. dxe5 Nh5
11. Qd2 Nxf4 12. Qxf4 Bc5+ 13. Kh1 Nb6 14. Rad1 Qe7 15. Qe4 c6 16. Qh7#
1-0

[Event "Well everybody knows that the bird is the word...."]
[Site "SchemingMind.com"]
[Date "2018.09.04"]
[Round "-"]
[White "Uzi Mike"]
[Black "krzysztof"]
[Result "1-0"]
[WhiteCountry "USA"]
[BlackCountry "POL"]
[WhiteElo "2149"]
[WhiteRD "82"]
[BlackElo "1529"]
[BlackRD "72"]
[GameID "432053"]

1. f4 e5 2. fxe5 Qh4+ 3. g3 Qe4 4. Nf3 b6 5. Nc3 Qg4 6. Bg2 Bb7 7. e6 Nc6 8. exf7+ Kd8 9. fxg8=B Rxg8 10. Ne5 Nxe5
11. Bxb7 Rb8 12. Bd5 Rh8 13. d4 Ng6 14. Qd3 c6 15. Bf3 Qe6 16. Qa6 d5 17. Qxa7 Bd6 18. e4 Rf8 19. Bg5+ Ke8 20. O-O Rf7
21. Qa4 Bxg3 22. hxg3 Kf8 23. exd5 Qe3+ 24. Bxe3 b5 25. Qb4+ Kg8 26. dxc6 Rc8 27. Bd5 Kh8 28. Rxf7 h6 29. Be4 Kh7 30. Qd6 Rg8
31. Qxg6+ Kh8 32. Qh7#
1-0

[Event "Well everybody knows that the bird is the word...."]
[Site "SchemingMind.com"]
[Date "2018.09.04"]
[Round "-"]
[White "krzysztof"]
[Black "Uzi Mike"]
[Result "0-1"]
[WhiteCountry "POL"]
[BlackCountry "USA"]
[WhiteElo "1529"]
[WhiteRD "72"]
[BlackElo "2149"]
[BlackRD "82"]
[GameID "432054"]

1. f4 e5 2. Nf3 e4 3. Nd4 c5 4. Nf5 d5 5. Ng3 h5 6. e3 h4 7. Bb5+ Nc6 8. Ne2 h3 9. g3 Be7 10. Bxc6+ bxc6
11. b3 Nh6 12. c3 O-O 13. Qc2 Bg4 14. Ba3 Bf3 15. Rg1 Ng4 16. d4 exd3 17. Qxd3 Be4 18. Qd2 Nxh2 19. g4 Nf3+ 20. Kd1 Nxd2
21. Kxd2 h2 22. g5 d4 23. exd4 hxg1=Q 24. Nxg1 cxd4 25. c4 Bxa3 26. Nxa3 Qa5+ 27. Ke2 Rae8 28. Kf2 Qd2+ 29. Kg3 Qg2+ 30. Kh4 Bf5
31. Nf3 Qg4#
0-1

[Event "Well everybody knows that the bird is the word...."]
[Site "SchemingMind.com"]
[Date "2018.09.01"]
[Round "-"]
[White "krzysztof"]
[Black "flyinduck"]
[Result "0-1"]
[WhiteCountry "POL"]
[BlackCountry "CAN"]
[WhiteElo "1491"]
[WhiteRD "92"]
[BlackElo "2023"]
[BlackRD "52"]
[GameID "432055"]

1. f4 e5 2. Nf3 exf4 3. d4 g5 4. e4 d6 5. Qe2 Bg7 6. h4 g4 7. Nfd2 Bxd4 8. c3 Be5 9. Nc4 Nc6 10. Bd2 Be6
11. Nba3 Nf6 12. O-O-O Qe7 13. Nxe5 dxe5 14. Qb5 O-O-O 15. Re1 Qd6 16. Nc4 Bxc4 17. Bxc4 Qxd2+ 18. Kb1 Qxg2 19. Bxf7 a6 20. Qe2 Qxe2
21. Rxe2 g3 22. Bd5 f3 23. Be6+ Kb8 24. Re3 g2 25. Rg1 f2 26. Rxg2 f1=Q+ 27. Kc2 Qd1#
0-1

[Event "Well everybody knows that the bird is the word...."]
[Site "SchemingMind.com"]
[Date "2018.09.02"]
[Round "-"]
[White "flyinduck"]
[Black "krzysztof"]
[Result "1-0"]
[WhiteCountry "CAN"]
[BlackCountry "POL"]
[WhiteElo "2023"]
[WhiteRD "52"]
[BlackElo "1491"]
[BlackRD "92"]
[GameID "432056"]

1. f4 e5 2. e4 exf4 3. Nf3 g5 4. Nc3 Nc6 5. g3 fxg3 6. hxg3 g4 7. Nh4 d6 8. d4 Bh6 9. Bxh6 Nxh6 10. Qd2 Ng8
11. Bc4 Be6 12. d5 Bxd5 13. Bxd5 Nf6 14. Rf1 Qe7 15. Nf5 Qe5 16. O-O-O Nxd5 17. exd5 O-O-O 18. dxc6 bxc6 19. Rde1 Qf6 20. Ne7+ Kd7
21. Rxf6 Rde8 22. Rxf7 Rxe7 23. Rexe7+ Kd8 24. Rxc7 Re8 25. Rfd7#
1-0

[Event "Well everybody knows that the bird is the word...."]
[Site "SchemingMind.com"]
[Date "2018.08.31"]
[Round "-"]
[White "krzysztof"]
[Black "jolasebabes"]
[Result "0-1"]
[WhiteCountry "POL"]
[BlackCountry "POR"]
[WhiteElo "1600"]
[WhiteRD "168"]
[BlackElo "2150"]
[BlackRD "72"]
[GameID "432057"]

1. f4 e5 2. Nf3 e4 3. Ng5 d5 4. c3 h6 5. Nxf7 Kxf7 6. Qb3 Nf6 7. h3 Bd6 8. d3 Re8 9. e3 exd3 10. Bd2 Bxf4
11. Bxd3 Bxe3 12. Kd1 c5 13. Qc2 Kg8 14. Rf1 Nc6 15. Rxf6 Qxf6 16. Bh7+ Kh8 17. Bd3 c4 18. Be2 d4 19. Bxc4 Bf5 20. Bd3 Bxd3
21. Qxd3 Rad8 22. cxd4 Rxd4 23. Qxd4 Qxd4 24. Nc3 Qxd2#
0-1

[Event "Well everybody knows that the bird is the word...."]
[Site "SchemingMind.com"]
[Date "2018.08.31"]
[Round "-"]
[White "jolasebabes"]
[Black "krzysztof"]
[Result "1-0"]
[WhiteCountry "POR"]
[BlackCountry "POL"]
[WhiteElo "2150"]
[WhiteRD "72"]
[BlackElo "1600"]
[BlackRD "168"]
[GameID "432058"]

1. f4 e5 2. e4 exf4 3. Nf3 d6 4. d4 Bg4 5. Bxf4 h6 6. Be2 Bxf3 7. Bxf3 Nd7 8. Nc3 Qe7 9. O-O Ngf6 10. Nb5 Nb6
11. e5 O-O-O 12. exf6 Qxf6 13. Bg3 Kb8 14. Bxb7 Qg5 15. Qf3 Qxb5 16. a4 Nxa4 17. Bc6 Qb6 18. Rxa4 f6 19. Rfa1 d5 20. Rxa7 Qxc6
21. Qb3+ Qb6 22. Qxb6+ Kc8 23. Qxc7#
1-0

[Event "Well everybody knows that the bird is the word...."]
[Site "SchemingMind.com"]
[Date "2018.09.05"]
[Round "-"]
[White "cnile"]
[Black "Phillip Beckett"]
[Result "1-0"]
[WhiteCountry "SCO"]
[BlackCountry "ENG"]
[WhiteElo "1411"]
[WhiteRD "65"]
[BlackElo "1482"]
[BlackRD "55"]
[GameID "432245"]

1. f4 e5 2. e4 Qh4+ 3. g3 Qe7 4. Bc4 exf4 5. d3 fxg3 6. hxg3 c6 7. Nc3 d5 8. Bb3 dxe4 9. Nxe4 f5 10. Ne2 fxe4
11. Bf4 exd3 12. Qxd3 Bg4 13. Rxh7 Rxh7 14. Qg6+ Kd8 15. O-O-O+ Nd7 16. Bxg8 Rh6 17. Qxg4 Re6 18. Bxe6 Ke8 19. Qg6+ Kd8 20. Rxd7+
1-0

[Event "Well everybody knows that the bird is the word...."]
[Site "SchemingMind.com"]
[Date "2018.09.05"]
[Round "-"]
[White "Phillip Beckett"]
[Black "cnile"]
[Result "1-0"]
[WhiteCountry "ENG"]
[BlackCountry "SCO"]
[WhiteElo "1482"]
[WhiteRD "55"]
[BlackElo "1411"]
[BlackRD "65"]
[GameID "432246"]

1. f4 e5 2. e4 exf4 3. Nf3 g5 4. Bc4 d6 5. O-O Be7 6. c3 h6 7. Qb3 Kf8 8. Bxf7 Nf6 9. Bg6 d5 10. exd5 Bd6
11. d4 Kg7 12. Bd3 c6 13. dxc6 Nxc6 14. Nbd2 Re8 15. Nc4 Bc7 16. h4 Nd5 17. hxg5 hxg5 18. Nce5 Nxe5 19. Nxe5 Bxe5 20. dxe5 Rxe5
21. Bd2 Be6 22. Bc4 Nc7 23. Bxe6 Nxe6 24. Qxb7+ Kg6 25. Rad1 a5 26. Bxf4 Qe8 27. Bxe5 Kh5 28. Qh7+ Kg4 29. Qh3#
1-0

[Event "Well everybody knows that the bird is the word...."]
[Site "SchemingMind.com"]
[Date "2018.09.09"]
[Round "-"]
[White "cnile"]
[Black "Uzi Mike"]
[Result "0-1"]
[WhiteCountry "SCO"]
[BlackCountry "USA"]
[WhiteElo "1374"]
[WhiteRD "65"]
[BlackElo "2152"]
[BlackRD "75"]
[GameID "432247"]

1. f4 e5 2. e4 exf4 3. Nf3 g5 4. Bc4 g4 5. Ne5 Qh4+ 6. Kf1 f3 7. Bxf7+ Ke7 8. d4 d6 9. Bg6 dxe5 10. Bf5 Bxf5
11. exf5 Nc6 12. Be3 Bh6
0-1

[Event "Well everybody knows that the bird is the word...."]
[Site "SchemingMind.com"]
[Date "2018.09.09"]
[Round "-"]
[White "Uzi Mike"]
[Black "cnile"]
[Result "1-0"]
[WhiteCountry "USA"]
[BlackCountry "SCO"]
[WhiteElo "2152"]
[WhiteRD "75"]
[BlackElo "1374"]
[BlackRD "65"]
[GameID "432248"]

1. f4 e5 2. fxe5 d6 3. Nf3 dxe5 4. Nxe5 Bd6 5. Nf3 Bg4 6. e4 Bxf3 7. Qxf3 Nf6 8. d4 Nfd7 9. e5 Be7 10. Qxb7 Nc6
11. Qxc6 O-O 12. Bd3
1-0

[Event "Well everybody knows that the bird is the word...."]
[Site "SchemingMind.com"]
[Date "2018.09.05"]
[Round "-"]
[White "cnile"]
[Black "krzysztof"]
[Result "0-1"]
[WhiteCountry "SCO"]
[BlackCountry "POL"]
[WhiteElo "1374"]
[WhiteRD "65"]
[BlackElo "1491"]
[BlackRD "92"]
[GameID "432249"]

1. f4 e5 2. e4 exf4 3. Nf3 d6 4. Bc4 Bg4 5. O-O h6 6. d4 Nf6 7. Bxf4 g5 8. Bg3 Be7 9. Nc3 Nc6 10. Qd3 a6
11. a3 Bxf3 12. Rxf3 h5 13. Raf1 h4 14. Be1 Qd7 15. Nd5 Nxd5 16. Bxd5 O-O-O 17. Rxf7 Rdf8 18. h3 Nd8 19. R7f5 g4 20. Ba5 Qb5
21. Qxb5 axb5 22. Kh2 gxh3 23. Bd2 hxg2 24. Kxg2 h3+ 25. Kh2 c6 26. Ba2 Rfg8 27. Bxg8 Rxg8 28. Rh5 Rg2+ 29. Kxh3 Rxd2 30. Rh7 Kd7
31. Rff7 Nxf7
0-1

[Event "Well everybody knows that the bird is the word...."]
[Site "SchemingMind.com"]
[Date "2018.09.05"]
[Round "-"]
[White "krzysztof"]
[Black "cnile"]
[Result "1-0"]
[WhiteCountry "POL"]
[BlackCountry "SCO"]
[WhiteElo "1491"]
[WhiteRD "92"]
[BlackElo "1374"]
[BlackRD "65"]
[GameID "432250"]

1. f4 e5 2. fxe5 d6 3. exd6 Bxd6 4. Nf3 Bg4 5. g3 Nf6 6. Bg2 Nc6 7. O-O O-O 8. d3 h6 9. Bf4 Bc5+ 10. Kh1 Re8
11. e4 Nd4 12. c3 Nxf3 13. Bxf3 Bh3 14. Re1 Bd7 15. d4 Be7 16. e5 Nh7 17. Be4 c6 18. Qd3 Nf8 19. c4 Bg4 20. Nd2 Ne6
21. d5 Nxf4 22. gxf4 cxd5 23. Bxd5 Qb6 24. Rg1 h5 25. f5 Rad8 26. b3 Bg5 27. e6 fxe6 28. fxe6 Rxe6 29. Bxe6+ Kh8 30. Bd5 Bxd2
31. Rxg4 hxg4 32. Qxd2 Qf6 33. Rg1 Rxd5 34. Qxd5
1-0

[Event "Well everybody knows that the bird is the word...."]
[Site "SchemingMind.com"]
[Date "2018.09.04"]
[Round "-"]
[White "cnile"]
[Black "flyinduck"]
[Result "0-1"]
[WhiteCountry "SCO"]
[BlackCountry "CAN"]
[WhiteElo "1411"]
[WhiteRD "65"]
[BlackElo "2024"]
[BlackRD "53"]
[GameID "432251"]

1. f4 e5 2. e4 Nc6 3. Nf3 f5 4. fxe5 fxe4 5. Ng1 Nxe5 6. Qh5+ Ng6 7. Nc3 Nf6 8. Qe2 d5 9. Nf3 Be7 10. Nd4 O-O
11. Qe3 c5 12. Nb3 d4 13. Nxd4 cxd4 14. Qg5 dxc3 15. dxc3 Ng4 16. Bc4+ Kh8 17. Qb5 a6 18. Qb6 Qxb6
0-1

[Event "Well everybody knows that the bird is the word...."]
[Site "SchemingMind.com"]
[Date "2018.09.04"]
[Round "-"]
[White "flyinduck"]
[Black "cnile"]
[Result "1-0"]
[WhiteCountry "CAN"]
[BlackCountry "SCO"]
[WhiteElo "2023"]
[WhiteRD "52"]
[BlackElo "1374"]
[BlackRD "65"]
[GameID "432252"]

1. f4 e5 2. e4 exf4 3. Nf3 g5 4. Nc3 d6 5. d4 Nc6 6. d5 Ne5 7. Bb5+ Bd7 8. Bxd7+ Nxd7 9. h4 h6 10. hxg5 h5
11. Bxf4 Bg7 12. Qd2 Ne7 13. O-O-O Nc5 14. e5 Nf5 15. exd6 Nxd6 16. Qe3+ Qe7 17. Qxc5 O-O-O 18. Rhe1 Qd7 19. Qxa7 c6 20. dxc6 Qxc6
21. Re7 Rd7 22. Rxd7 Qxd7 23. Rxd6 Qg4 24. Qc5+ Kb8 25. Rd8#
1-0

[Event "Well everybody knows that the bird is the word...."]
[Site "SchemingMind.com"]
[Date "2018.09.04"]
[Round "-"]
[White "cnile"]
[Black "jolasebabes"]
[Result "0-1"]
[WhiteCountry "SCO"]
[BlackCountry "POR"]
[WhiteElo "1411"]
[WhiteRD "65"]
[BlackElo "2150"]
[BlackRD "72"]
[GameID "432253"]

1. f4 e5 2. e4 Bc5 3. Nf3 d6 4. fxe5 dxe5 5. Bc4 Nf6 6. d3 Nc6 7. c3 Bg4 8. Nbd2 O-O 9. b4 Bb6 10. h3 Bh5
11. Qb3 Bxf3 12. Nxf3 a5 13. b5 a4 14. Qa3 Na5 15. Nxe5 Nxc4 16. Qb4 Nxe5 17. d4 Nd3+
0-1

[Event "Well everybody knows that the bird is the word...."]
[Site "SchemingMind.com"]
[Date "2018.09.05"]
[Round "-"]
[White "jolasebabes"]
[Black "cnile"]
[Result "1-0"]
[WhiteCountry "POR"]
[BlackCountry "SCO"]
[WhiteElo "2150"]
[WhiteRD "72"]
[BlackElo "1411"]
[BlackRD "65"]
[GameID "432254"]

1. f4 e5 2. e4 exf4 3. Nf3 g5 4. h4 g4 5. Ne5 Nf6 6. Bc4 d5 7. exd5 Bd6 8. d4 h5 9. Bxf4 Bf5 10. O-O Nbd7
11. Bg5 Qe7 12. Rxf5 O-O-O 13. Nxd7 Rxd7 14. Rxf6 Re8 15. Nc3 Qf8 16. Bb5 c6 17. dxc6 bxc6 18. Bxc6
1-0

[Event "Well everybody knows that the bird is the word...."]
[Site "SchemingMind.com"]
[Date "2018.09.05"]
[Round "-"]
[White "cnile"]
[Black "dvoretsky"]
[Result "0-1"]
[WhiteCountry "SCO"]
[BlackCountry "ENG"]
[WhiteElo "1411"]
[WhiteRD "65"]
[BlackElo "1926"]
[BlackRD "158"]
[GameID "432271"]

1. f4 e5 2. e4 exf4 3. Nf3 g5 4. h4 g4 5. Ne5 Nf6 6. Nc3 d6 7. Nd3 Nh5 8. Nd5 Ng3 9. Rh2 c6 10. Nc3 Qb6
11. Nxf4 Qg1 12. Qf3 gxf3 13. Nh3 Qxf1#
0-1

[Event "Well everybody knows that the bird is the word...."]
[Site "SchemingMind.com"]
[Date "2018.09.05"]
[Round "-"]
[White "dvoretsky"]
[Black "cnile"]
[Result "1-0"]
[WhiteCountry "ENG"]
[BlackCountry "SCO"]
[WhiteElo "1965"]
[WhiteRD "147"]
[BlackElo "1374"]
[BlackRD "65"]
[GameID "432272"]

1. f4 e5 2. fxe5 d6 3. exd6 Bxd6 4. Nf3 Bg4 5. e3 Nf6 6. c4 Nc6 7. Nc3 Ne5 8. d4 Nxf3+ 9. gxf3 Bd7 10. e4 Bb4
11. Qb3 Qe7 12. Be3 O-O 13. O-O-O a6 14. Rg1 Kh8 15. Bg5 Bxc3 16. Qxc3 h6 17. Bh4 Qe6 18. d5 Qd6 19. e5 Qc5 20. Rxg7 Nh5
21. b4 Qa7 22. Rg2 b5 23. Qd2 bxc4 24. Qxh6#
1-0